[Event "Göteborg Open 2017"]
[Site "Mölnlycke kulturhus, Biblioteksgatan 2, Mölnlycke, Sweden"]
[Date "2017.08.19"]
[Round "5.10"]
[White "Onyango, Adia"]
[Black "Andersson, Lars"]
[Result "0-1"]
[BlackElo "2005"]
[WhiteElo "1733"]
[LiveChessVersion "1.4.8"]

1. d4 {[%clk 1:30:59]} f5 {[%clk 1:30:52]} 2. Nf3 {[%clk 1:31:23]} Nf6
{[%clk 1:31:15]} 3. g3 {[%clk 1:31:51]} g6 {[%clk 1:31:36]} 4. Bg2
{[%clk 1:32:19]} Bg7 {[%clk 1:31:58]} 5. O-O {[%clk 1:32:43]} O-O
{[%clk 1:32:23]} 6. b3 {[%clk 1:33:10]} d6 {[%clk 1:32:24]} 7. Bb2
{[%clk 1:33:33]} c6 {[%clk 1:21:29]} 8. c4 {[%clk 1:32:51]} Qe8 {[%clk 1:21:47]}
9. Nbd2 {[%clk 1:31:50]} Ne4 {[%clk 1:08:35]} 10. Qc2 {[%clk 1:28:27]} Nxd2
{[%clk 1:08:56]} 11. Nxd2 {[%clk 1:27:39]} e5 {[%clk 1:08:57]} 12. e3
{[%clk 1:20:34]} e4 {[%clk 1:09:02]} 13. d5 {[%clk 1:13:26]} c5 {[%clk 1:07:34]}
14. Bxg7 {[%clk 1:13:28]} Kxg7 {[%clk 1:07:57]} 15. Qc3+ {[%clk 1:11:33]} Kg8
{[%clk 1:07:58]} 16. f3 {[%clk 1:11:12]} exf3 {[%clk 1:08:09]} 17. Bxf3
{[%clk 1:06:38]} Nd7 {[%clk 1:03:52]} 18. Rae1 {[%clk 1:05:38]} Ne5
{[%clk 0:58:10]} 19. Bg2 {[%clk 1:04:49]} a6 {[%clk 0:55:30]} 20. e4
{[%clk 1:02:41]} b5 {[%clk 0:51:06]} 21. exf5 {[%clk 0:57:59]} Bxf5
{[%clk 0:51:09]} 22. Ne4 {[%clk 0:46:41]} Bxe4 {[%clk 0:51:19]} 23. Rxf8+
{[%clk 0:46:37]} Qxf8 {[%clk 0:47:33]} 24. Rxe4 {[%clk 0:46:32]} Qf5
{[%clk 0:46:29]} 25. Qe1 {[%clk 0:34:01]} bxc4 {[%clk 0:40:48]} 26. g4
{[%clk 0:26:52]} Qf6 {[%clk 0:38:56]} 27. Qg3 {[%clk 0:15:37]} cxb3
{[%clk 0:36:45]} 28. axb3 {[%clk 0:15:36]} Rf8 {[%clk 0:32:00]} 29. h4
{[%clk 0:11:44]} a5 {[%clk 0:30:33]} 30. Re3 {[%clk 0:10:17]} Nxg4
{[%clk 0:24:06]} 31. Re6 {[%clk 0:06:24]} Qa1+ {[%clk 0:20:49]} 32. Re1
{[%clk 0:06:44]} Qd4+ {[%clk 0:21:03]} 33. Kh1 {[%clk 0:05:42]} Nf2+
{[%clk 0:16:55]} 34. Kh2 {[%clk 0:05:47]} Rf4 {[%clk 0:15:35]} 35. Bf3
{[%clk 0:06:08]} Ng4+ {[%clk 0:12:33]} 36. Kh3 {[%clk 0:04:23]} Ne5
{[%clk 0:11:45]} 37. Be2 {[%clk 0:03:16]} Re4 {[%clk 0:10:31]} 38. Qg5
{[%clk 0:02:37]} Qe3+ {[%clk 0:10:22]} 39. Kg2 {[%clk 0:01:41]} Qxg5+
{[%clk 0:09:27]} 40. hxg5 {[%clk 0:02:09]} Nf7 {[%clk 0:09:06]} 41. Kf2
{[%clk 0:02:20]} Re5 {[%clk 0:06:47]} 42. Ra1 {[%clk 0:02:12]} Rxg5
{[%clk 0:07:03]} 43. Rxa5 {[%clk 0:01:23]} Kg7 {[%clk 0:07:01]} 44. Bc4
{[%clk 0:01:29]} Kf6 {[%clk 0:06:49]} 45. Ra7 {[%clk 0:01:45]} h5
{[%clk 0:06:55]} 46. Ra8 {[%clk 0:02:07]} h4 {[%clk 0:07:09]} 47. Re8
{[%clk 0:02:29]} h3 {[%clk 0:05:17]} 48. Re6+ {[%clk 0:02:57]} Kg7
{[%clk 0:05:33]} 49. Re3 {[%clk 0:03:16]} Rh5 {[%clk 0:05:18]} 50. Kg1
{[%clk 0:03:12]} Ne5 {[%clk 0:05:10]} 51. Be2 {[%clk 0:03:29]} Rh4
{[%clk 0:05:08]} 52. Rg3 {[%clk 0:03:31]} h2+ {[%clk 0:04:14]} 53. Kh1
{[%clk 0:03:53]} Kf6 {[%clk 0:04:36]} 54. Rg2 {[%clk 0:03:11]} Kf5
{[%clk 0:04:45]} 55. Bd1 {[%clk 0:02:52]} Kf4 {[%clk 0:03:47]} 56. Bc2
{[%clk 0:02:21]} g5 {[%clk 0:03:56]} 57. Rf2+ {[%clk 0:02:35]} Nf3
{[%clk 0:03:43]} 58. Bd1 {[%clk 0:01:37]} g4 {[%clk 0:04:01]} 59. b4
{[%clk 0:01:26]} cxb4 {[%clk 0:02:41]} 60. Bxf3 {[%clk 0:01:13]} gxf3
{[%clk 0:03:02]} 61. Rxf3+ {[%clk 0:01:32]} Ke4 {[%clk 0:03:20]} 62. Rf2
{[%clk 0:01:29]} Kxd5 {[%clk 0:03:39]} 63. Rd2+ {[%clk 0:01:50]} Rd4
{[%clk 0:03:15]} 64. Rb2 {[%clk 0:01:57]} Kc4 {[%clk 0:03:38]} 65. Kxh2
{[%clk 0:02:18]} Kc3 {[%clk 0:04:01]} 66. Rb1 {[%clk 0:02:39]} Kc2
{[%clk 0:04:21]} 67. Ra1 {[%clk 0:02:02]} b3 {[%clk 0:04:41]} 68. Ra6
{[%clk 0:02:26]} d5 {[%clk 0:03:58]} 69. Rc6+ {[%clk 0:02:51]} Rc4
{[%clk 0:04:19]} 70. Rg6 {[%clk 0:03:08]} b2 {[%clk 0:04:37]} 71. Rg2+
{[%clk 0:03:30]} Kb3 {[%clk 0:04:59]} 72. Rg3+ {[%clk 0:02:49]} Rc3
{[%clk 0:05:17]} 73. Rg1 Rc1 {[%clk 0:05:39]} 74. Rg3+ {[%clk 0:03:40]} Kc4
{[%clk 0:05:58]} 0-1

[Event "Göteborg Open 2017"]
[Site "Mölnlycke kulturhus, Biblioteksgatan 2, Mölnlycke, Sweden"]
[Date "2017.08.19"]
[Round "6.2"]
[White "Rosberg, Simon"]
[Black "Hillarp Persson, Tiger"]
[Result "0-1"]
[BlackElo "2522"]
[WhiteElo "2318"]
[LiveChessVersion "1.4.8"]

1. Nf3 {[%clk 1:30:55]} g6 {[%clk 1:30:53]} 2. g3 {[%clk 1:29:11]} Bg7
{[%clk 1:31:13]} 3. c4 {[%clk 1:27:26]} e5 {[%clk 1:31:07]} 4. Nc3
{[%clk 1:27:51]} Ne7 {[%clk 1:31:24]} 5. Bg2 {[%clk 1:27:50]} O-O
{[%clk 1:29:22]} 6. O-O {[%clk 1:28:15]} f5 {[%clk 1:21:39]} 7. Rb1
{[%clk 1:18:41]} h6 {[%clk 1:10:30]} 8. b4 {[%clk 1:15:11]} g5 {[%clk 1:03:42]}
9. b5 {[%clk 1:01:59]} d6 {[%clk 1:01:00]} 10. Ne1 {[%clk 0:59:12]} Nd7
{[%clk 0:59:37]} 11. a4 {[%clk 0:56:52]} Rb8 {[%clk 0:57:10]} 12. Ba3
{[%clk 0:56:53]} e4 {[%clk 0:52:16]} 13. Qc2 {[%clk 0:52:13]} Ne5
{[%clk 0:51:01]} 14. Nd5 {[%clk 0:46:50]} Nxd5 {[%clk 0:41:12]} 15. cxd5
{[%clk 0:47:17]} h5 {[%clk 0:41:02]} 16. Rc1 {[%clk 0:46:32]} Rf7
{[%clk 0:41:24]} 17. f3 {[%clk 0:41:00]} h4 {[%clk 0:40:03]} 18. gxh4
{[%clk 0:29:51]} g4 {[%clk 0:29:43]} 19. f4 {[%clk 0:21:06]} Qxh4
{[%clk 0:22:19]} 20. Qb3 {[%clk 0:21:34]} Nf3+ {[%clk 0:21:33]} 21. Nxf3
{[%clk 0:10:59]} exf3 {[%clk 0:18:38]} 22. Bxf3 {[%clk 0:11:25]} g3
{[%clk 0:16:14]} 0-1

[Event "Göteborg Open 2017"]
[Site "Mölnlycke kulturhus, Biblioteksgatan 2, Mölnlycke, Sweden"]
[Date "2017.08.19"]
[Round "6.3"]
[White "Nilsson, Joakim"]
[Black "Antonsen, Mikkel"]
[Result "1/2-1/2"]
[BlackElo "2440"]
[WhiteElo "2126"]
[LiveChessVersion "1.4.8"]

1. c4 {[%clk 1:30:57]} e6 {[%clk 1:30:56]} 2. Nf3 {[%clk 1:31:21]} d5
{[%clk 1:31:21]} 3. g3 {[%clk 1:31:45]} Nf6 {[%clk 1:31:47]} 4. Bg2
{[%clk 1:32:08]} Be7 {[%clk 1:32:14]} 5. O-O {[%clk 1:32:31]} O-O
{[%clk 1:32:40]} 6. d4 {[%clk 1:32:56]} dxc4 {[%clk 1:33:05]} 7. Qc2
{[%clk 1:33:20]} a6 {[%clk 1:33:31]} 8. a4 {[%clk 1:33:46]} Bd7 {[%clk 1:33:55]}
9. Qxc4 {[%clk 1:34:10]} Bc6 {[%clk 1:34:21]} 10. Bg5 {[%clk 1:34:29]} Bd5
{[%clk 1:31:30]} 11. Qc2 {[%clk 1:29:19]} Be4 {[%clk 1:27:45]} 12. Qc1
{[%clk 1:26:02]} h6 {[%clk 1:27:09]} 13. Bxf6 {[%clk 1:19:40]} Bxf6
{[%clk 1:27:29]} 14. Nbd2 {[%clk 1:19:26]} Bh7 {[%clk 1:27:14]} 15. Nb3
{[%clk 1:16:43]} Nd7 {[%clk 1:27:29]} 16. Nc5 {[%clk 1:01:52]} Nxc5
{[%clk 1:25:10]} 17. Qxc5 {[%clk 1:01:01]} c6 {[%clk 1:19:31]} 18. e3
{[%clk 0:51:39]} Qd5 {[%clk 1:18:15]} 19. Rfc1 {[%clk 0:49:28]} Be4
{[%clk 1:12:17]} 20. Ne1 {[%clk 0:47:21]} Bxg2 {[%clk 1:12:33]} 21. Nxg2
{[%clk 0:47:41]} Qe4 {[%clk 1:11:33]} 22. Nf4 {[%clk 0:38:15]} Rfd8
{[%clk 1:09:46]} 23. Rd1 {[%clk 0:31:34]} Rd7 {[%clk 1:07:45]} 24. Nd3
{[%clk 0:26:34]} Rad8 {[%clk 1:06:47]} 25. Qc4 {[%clk 0:26:48]} Qf3
{[%clk 1:04:14]} 26. Nc5 {[%clk 0:26:29]} Re7 {[%clk 1:04:03]} 27. Qc2
{[%clk 0:24:35]} g6 {[%clk 1:04:09]} 28. Qe4 {[%clk 0:23:55]} Qxe4
{[%clk 1:03:37]} 29. Nxe4 {[%clk 0:24:20]} Bg7 {[%clk 1:04:03]} 30. f4
{[%clk 0:23:49]} Rc7 {[%clk 1:02:50]} 31. Rac1 {[%clk 0:23:00]} Bf8
{[%clk 1:02:38]} 32. Rd2 {[%clk 0:21:59]} Be7 {[%clk 1:02:24]} 33. Rdc2
{[%clk 0:22:02]} Rd5 {[%clk 1:00:52]} 34. Kf2 {[%clk 0:20:13]} Kg7
{[%clk 1:00:42]} 35. Kf3 {[%clk 0:18:38]} Bb4 {[%clk 0:59:19]} 36. Rc4
{[%clk 0:17:57]} a5 {[%clk 0:59:43]} 37. R4c2 {[%clk 0:16:11]} Rd8
{[%clk 0:59:15]} 38. Nc5 {[%clk 0:16:01]} Re7 {[%clk 0:59:05]} 39. Nd3
{[%clk 0:16:13]} Bd6 {[%clk 0:59:32]} 40. Nc5 {[%clk 0:16:07]} Ra8
{[%clk 0:59:26]} 41. Rc3 {[%clk 0:15:51]} Bxc5 {[%clk 0:57:55]} 42. Rxc5
{[%clk 0:16:08]} Rd7 {[%clk 0:58:04]} 43. R1c3 {[%clk 0:14:04]} Kf6
{[%clk 0:56:53]} 44. Rb3 {[%clk 0:14:00]} Ra6 {[%clk 0:55:16]} 45. h4
{[%clk 0:12:29]} h5 {[%clk 0:55:21]} 46. g4 {[%clk 0:09:59]} hxg4+
{[%clk 0:55:47]} 47. Kxg4 {[%clk 0:10:24]} Ra7 {[%clk 0:56:05]} 48. h5
{[%clk 0:10:30]} Rd8 {[%clk 0:54:50]} 49. hxg6 {[%clk 0:10:35]} fxg6
{[%clk 0:55:16]} 50. Kf3 {[%clk 0:09:07]} Rh8 {[%clk 0:55:13]} 51. Kg2
{[%clk 0:09:25]} Rh7 {[%clk 0:51:01]} 52. Rg5 {[%clk 0:09:34]} Ra8
{[%clk 0:50:09]} 53. Kf3 {[%clk 0:09:11]} Ra7 {[%clk 0:47:30]} 54. Kg2
{[%clk 0:09:37]} Ra8 {[%clk 0:45:20]} 55. Kf3 {[%clk 0:10:00]} Rh3+
{[%clk 0:39:47]} 56. Rg3 {[%clk 0:10:09]} Rh7 {[%clk 0:37:05]} 57. Rg5
{[%clk 0:10:01]} Rh3+ {[%clk 0:36:24]} 58. Rg3 {[%clk 0:10:22]} Rh7
{[%clk 0:36:29]} 1/2-1/2

[Event "Göteborg Open 2017"]
[Site "Mölnlycke kulturhus, Biblioteksgatan 2, Mölnlycke, Sweden"]
[Date "2017.08.19"]
[Round "6.4"]
[White "Gritsak, Orest"]
[Black "Eriksson, Kristian"]
[Result "1-0"]
[BlackElo "2085"]
[WhiteElo "2474"]
[LiveChessVersion "1.4.8"]

1. Nf3 {[%clk 1:30:56]} Nf6 {[%clk 1:30:36]} 2. c4 {[%clk 1:31:10]} e6
{[%clk 1:30:43]} 3. g3 {[%clk 1:30:27]} b6 {[%clk 1:30:54]} 4. Bg2
{[%clk 1:30:46]} Bb7 {[%clk 1:31:19]} 5. O-O {[%clk 1:30:20]} Be7
{[%clk 1:31:18]} 6. d4 {[%clk 1:30:25]} O-O {[%clk 1:31:14]} 7. Nc3
{[%clk 1:30:38]} Ne4 {[%clk 1:31:08]} 8. Qc2 {[%clk 1:30:37]} Nxc3
{[%clk 1:31:21]} 9. Qxc3 {[%clk 1:31:02]} f5 {[%clk 1:27:38]} 10. Rd1
{[%clk 1:24:48]} Bf6 {[%clk 1:23:46]} 11. Bf4 {[%clk 1:16:04]} d6
{[%clk 1:20:53]} 12. h4 {[%clk 1:06:52]} Qe7 {[%clk 1:19:11]} 13. Qa3
{[%clk 0:56:13]} Nd7 {[%clk 1:15:34]} 14. Rac1 {[%clk 0:56:21]} a5
{[%clk 1:13:06]} 15. Bg5 {[%clk 0:53:53]} Bxg5 {[%clk 1:09:11]} 16. Nxg5
{[%clk 0:54:12]} Bxg2 {[%clk 1:09:21]} 17. Kxg2 {[%clk 0:54:38]} Rae8
{[%clk 1:01:53]} 18. Nh3 {[%clk 0:48:16]} e5 {[%clk 0:52:01]} 19. dxe5
{[%clk 0:44:09]} Qxe5 {[%clk 0:48:04]} 20. Nf4 {[%clk 0:43:21]} Nf6
{[%clk 0:43:00]} 21. Qc3 {[%clk 0:42:32]} Rf7 {[%clk 0:39:53]} 22. b3
{[%clk 0:37:07]} Qxc3 {[%clk 0:33:16]} 23. Rxc3 {[%clk 0:37:33]} Kf8
{[%clk 0:30:26]} 24. Rc2 {[%clk 0:35:12]} Ne4 {[%clk 0:28:23]} 25. Nd5
{[%clk 0:32:09]} Nc5 {[%clk 0:27:32]} 26. e3 {[%clk 0:32:06]} g6 {[%clk 0:26:52]}
27. Rb2 {[%clk 0:31:10]} Kg7 {[%clk 0:26:46]} 28. a3 {[%clk 0:30:50]} Ne6
{[%clk 0:26:35]} 29. Rbb1 {[%clk 0:27:46]} Rff8 {[%clk 0:20:51]} 30. b4
{[%clk 0:25:23]} axb4 {[%clk 0:19:10]} 31. axb4 {[%clk 0:25:51]} Kf7
{[%clk 0:18:40]} 32. Ra1 {[%clk 0:24:56]} Ra8 {[%clk 0:18:53]} 33. Kf3
{[%clk 0:24:27]} Rfe8 {[%clk 0:17:55]} 34. Ke2 {[%clk 0:22:47]} Rec8
{[%clk 0:15:26]} 35. Kd3 {[%clk 0:23:10]} Rd8 {[%clk 0:15:34]} 36. e4
{[%clk 0:22:24]} fxe4+ {[%clk 0:15:20]} 37. Kxe4 {[%clk 0:22:49]} Re8
{[%clk 0:14:48]} 38. Kd3 {[%clk 0:23:12]} Reb8 {[%clk 0:11:44]} 39. Re1
{[%clk 0:21:51]} b5 {[%clk 0:08:45]} 40. Rxa8 {[%clk 0:20:06]} Rxa8
{[%clk 0:08:59]} 41. cxb5 {[%clk 0:20:24]} Ra2 {[%clk 0:07:00]} 42. Ke3
{[%clk 0:18:04]} h6 {[%clk 0:04:54]} 43. Rc1 {[%clk 0:15:11]} Rb2
{[%clk 0:04:46]} 44. Rc3 {[%clk 0:11:43]} Rb1 {[%clk 0:04:29]} 45. Ke4
{[%clk 0:10:01]} Ke8 {[%clk 0:02:43]} 46. Nxc7+ {[%clk 0:05:18]} Nxc7
{[%clk 0:02:53]} 47. Rxc7 {[%clk 0:05:44]} Rxb4+ {[%clk 0:03:16]} 48. Kd5
{[%clk 0:06:10]} Rxb5+ {[%clk 0:03:20]} 49. Ke6 {[%clk 0:06:36]} Re5+
{[%clk 0:02:44]} 50. Kf6 {[%clk 0:07:01]} Rf5+ {[%clk 0:02:04]} 51. Kxg6
{[%clk 0:07:19]} Rxf2 {[%clk 0:02:28]} 52. Kxh6 {[%clk 0:07:21]} Rg2
{[%clk 0:02:15]} 53. Rc3 {[%clk 0:06:32]} Kf7 {[%clk 0:02:11]} 54. h5
{[%clk 0:05:45]} d5 {[%clk 0:01:46]} 55. Rf3+ {[%clk 0:06:00]} Ke6
{[%clk 0:02:00]} 56. Kg5 {[%clk 0:05:02]} Ke5 {[%clk 0:01:53]} 57. g4
{[%clk 0:05:27]} d4 {[%clk 0:01:45]} 58. h6 {[%clk 0:05:49]} Rh2 {[%clk 0:01:53]}
59. Kg6 {[%clk 0:06:08]} Ke4 {[%clk 0:02:02]} 60. Rf8 {[%clk 0:06:26]} d3
{[%clk 0:01:53]} 61. h7 {[%clk 0:06:33]} d2 {[%clk 0:01:59]} 62. Rd8
{[%clk 0:06:57]} Kf3 {[%clk 0:00:38]} 63. g5 {[%clk 0:07:06]} Ke2
{[%clk 0:00:37]} 64. Kg7 {[%clk 0:07:17]} 1-0

[Event "Göteborg Open 2017"]
[Site "Mölnlycke kulturhus, Biblioteksgatan 2, Mölnlycke, Sweden"]
[Date "2017.08.19"]
[Round "6.5"]
[White "Andersson, Lars"]
[Black "Rydström, Tom"]
[Result "0-1"]
[BlackElo "2301"]
[WhiteElo "2005"]
[LiveChessVersion "1.4.8"]

1. f4 {[%clk 1:30:56]} Nc6 {[%clk 1:18:33]} 2. Nf3 {[%clk 1:31:16]} d5
{[%clk 1:18:37]} 3. e3 {[%clk 1:31:37]} Bg4 {[%clk 1:16:47]} 4. h3
{[%clk 1:31:58]} Bxf3 {[%clk 1:17:07]} 5. Qxf3 {[%clk 1:32:17]} e5
{[%clk 1:16:45]} 6. Bb5 {[%clk 1:31:43]} e4 {[%clk 1:15:02]} 7. Qf2
{[%clk 1:31:29]} Nge7 {[%clk 1:14:13]} 8. O-O {[%clk 1:30:13]} a6
{[%clk 1:14:36]} 9. Bxc6+ {[%clk 1:28:46]} Nxc6 {[%clk 1:14:27]} 10. d3
{[%clk 1:25:00]} Bc5 {[%clk 1:11:55]} 11. dxe4 {[%clk 1:23:35]} dxe4
{[%clk 1:12:23]} 12. Nc3 {[%clk 1:23:01]} Qe7 {[%clk 1:11:22]} 13. b3
{[%clk 1:13:31]} O-O-O {[%clk 1:10:29]} 14. Bb2 {[%clk 1:07:12]} Ba7
{[%clk 1:00:57]} 15. Rad1 {[%clk 1:05:42]} f5 {[%clk 0:54:49]} 16. Qe2
{[%clk 0:47:35]} Rhg8 {[%clk 0:53:30]} 17. Rxd8+ {[%clk 0:36:09]} Rxd8
{[%clk 0:53:31]} 18. Rd1 {[%clk 0:35:34]} g5 {[%clk 0:49:21]} 19. Rxd8+
{[%clk 0:34:52]} Nxd8 {[%clk 0:49:22]} 20. g3 {[%clk 0:29:24]} Ne6
{[%clk 0:48:20]} 21. Kh2 {[%clk 0:19:53]} gxf4 {[%clk 0:42:42]} 22. gxf4
{[%clk 0:20:14]} Qc5 {[%clk 0:42:33]} 23. Kg3 {[%clk 0:14:16]} Qxe3+
{[%clk 0:39:09]} 24. Qxe3 {[%clk 0:14:38]} Bxe3 {[%clk 0:39:36]} 25. Nd5
{[%clk 0:13:35]} Bc5 {[%clk 0:40:01]} 26. Nf6 {[%clk 0:10:53]} h6
{[%clk 0:40:06]} 27. Ng8 {[%clk 0:10:00]} Bf8 {[%clk 0:37:46]} 28. Be5
{[%clk 0:09:04]} Kd8 {[%clk 0:38:11]} 29. Nf6 {[%clk 0:07:00]} c6
{[%clk 0:36:06]} 30. Nh5 {[%clk 0:06:51]} Kd7 {[%clk 0:34:12]} 31. Kf2
{[%clk 0:06:22]} Bc5+ {[%clk 0:22:38]} 32. Ke2 {[%clk 0:06:13]} Bd4
{[%clk 0:22:51]} 33. Nf6+ {[%clk 0:01:58]} Ke7 {[%clk 0:22:15]} 34. Ng8+
{[%clk 0:01:39]} Kf7 {[%clk 0:22:40]} 35. Nxh6+ {[%clk 0:01:58]} Kg6
{[%clk 0:23:09]} 36. Ng8 {[%clk 0:02:14]} Bxe5 {[%clk 0:23:21]} 37. fxe5
{[%clk 0:02:42]} f4 {[%clk 0:23:31]} 38. Ne7+ {[%clk 0:01:41]} Kg5
{[%clk 0:23:57]} 39. c3 {[%clk 0:01:48]} f3+ {[%clk 0:20:28]} 40. Kf2
{[%clk 0:01:39]} Nf4 {[%clk 0:20:31]} 41. h4+ {[%clk 0:01:07]} Kg4
{[%clk 0:20:29]} 42. h5 {[%clk 0:00:51]} Nxh5 {[%clk 0:19:04]} 43. Ng6
{[%clk 0:00:32]} Kf5 {[%clk 0:19:16]} 0-1

[Event "Göteborg Open 2017"]
[Site "Mölnlycke kulturhus, Biblioteksgatan 2, Mölnlycke, Sweden"]
[Date "2017.08.19"]
[Round "6.6"]
[White "Åkesson, Joel"]
[Black "Alharash, Feras"]
[Result "1-0"]
[BlackElo "1772"]
[WhiteElo "2296"]
[LiveChessVersion "1.4.8"]

1. c4 {[%clk 1:30:59]} Nf6 {[%clk 1:30:42]} 2. g3 {[%clk 1:31:23]} c6
{[%clk 1:31:00]} 3. Bg2 {[%clk 1:30:55]} d5 {[%clk 1:31:09]} 4. Nf3
{[%clk 1:31:17]} g6 {[%clk 1:31:06]} 5. b3 {[%clk 1:31:14]} Bg7 {[%clk 1:31:12]}
6. Bb2 {[%clk 1:31:19]} O-O {[%clk 1:31:30]} 7. O-O {[%clk 1:31:04]} dxc4
{[%clk 1:29:11]} 8. bxc4 {[%clk 1:31:13]} Be6 {[%clk 1:29:29]} 9. d3
{[%clk 1:28:30]} Qa5 {[%clk 1:26:03]} 10. Nbd2 {[%clk 1:22:48]} Na6
{[%clk 1:25:17]} 11. d4 {[%clk 1:16:24]} Qh5 {[%clk 1:18:58]} 12. Re1
{[%clk 1:09:45]} Bh3 {[%clk 1:16:49]} 13. e4 {[%clk 1:08:06]} Rfd8
{[%clk 1:12:26]} 14. Bh1 {[%clk 1:02:45]} Ng4 {[%clk 1:11:46]} 15. e5
{[%clk 0:57:29]} c5 {[%clk 1:10:19]} 16. d5 {[%clk 0:53:12]} Nb4 {[%clk 1:09:15]}
17. Qb1 {[%clk 0:48:10]} Bh6 {[%clk 0:58:55]} 18. Ne4 {[%clk 0:39:51]} Bg7
{[%clk 0:55:39]} 19. Nxc5 {[%clk 0:35:31]} b6 {[%clk 0:55:18]} 20. Nd3
{[%clk 0:33:13]} Nxd3 {[%clk 0:54:23]} 21. Qxd3 {[%clk 0:33:25]} Rac8
{[%clk 0:54:27]} 22. Qe2 {[%clk 0:27:41]} Rc7 {[%clk 0:52:04]} 23. Rad1
{[%clk 0:22:58]} Rdc8 {[%clk 0:41:49]} 24. Nd2 {[%clk 0:18:22]} Qf5
{[%clk 0:36:37]} 25. Be4 {[%clk 0:17:28]} Qd7 {[%clk 0:37:06]} 26. e6
{[%clk 0:13:12]} fxe6 {[%clk 0:36:44]} 27. dxe6 {[%clk 0:13:35]} Qa4
{[%clk 0:36:19]} 28. Bxg7 {[%clk 0:11:24]} Kxg7 {[%clk 0:35:24]} 29. Qd3
{[%clk 0:09:38]} Qxa2 {[%clk 0:34:56]} 30. Qc3+ {[%clk 0:09:42]} Nf6
{[%clk 0:35:13]} 31. Ra1 {[%clk 0:09:55]} Rxc4 {[%clk 0:35:31]} 32. Nxc4
{[%clk 0:10:00]} Qxc4 {[%clk 0:35:21]} 33. Qb2 {[%clk 0:09:14]} Bxe6
{[%clk 0:31:12]} 34. Rxa7 {[%clk 0:09:24]} Kf7 {[%clk 0:31:34]} 35. Bg2
{[%clk 0:08:46]} b5 {[%clk 0:30:15]} 36. Rb7 {[%clk 0:08:22]} Rc5
{[%clk 0:30:03]} 37. Bf1 {[%clk 0:08:18]} Qg4 {[%clk 0:19:21]} 38. Rxb5
{[%clk 0:08:22]} Rc6 {[%clk 0:19:06]} 39. Bg2 {[%clk 0:07:38]} Rd6
{[%clk 0:19:25]} 40. Rbe5 {[%clk 0:07:27]} Nd7 {[%clk 0:18:48]} 41. R5e4
{[%clk 0:06:50]} Qg5 {[%clk 0:19:00]} 42. h4 {[%clk 0:04:36]} Qh5
{[%clk 0:18:57]} 43. Bh3 {[%clk 0:04:31]} Nc5 {[%clk 0:16:16]} 44. Rf4+
{[%clk 0:03:47]} Bf5 {[%clk 0:16:03]} 45. Bxf5 {[%clk 0:04:06]} gxf5
{[%clk 0:16:25]} 46. Qe5 {[%clk 0:04:25]} Qg6 {[%clk 0:10:50]} 47. Rxf5+
{[%clk 0:04:36]} 1-0

[Event "Göteborg Open 2017"]
[Site "Mölnlycke kulturhus, Biblioteksgatan 2, Mölnlycke, Sweden"]
[Date "2017.08.19"]
[Round "6.7"]
[White "Troberg Eskola, Love"]
[Black "Andréasson, Vincent"]
[Result "1-0"]
[BlackElo "2006"]
[WhiteElo "2016"]
[LiveChessVersion "1.4.8"]

1. e4 {[%clk 1:30:58]} c5 {[%clk 1:30:52]} 2. Nf3 {[%clk 1:31:24]} d6
{[%clk 1:31:13]} 3. Bb5+ {[%clk 1:31:48]} Nd7 {[%clk 1:31:27]} 4. O-O
{[%clk 1:32:10]} g6 {[%clk 1:30:31]} 5. c3 {[%clk 1:31:31]} Bg7 {[%clk 1:30:21]}
6. d4 {[%clk 1:31:03]} a6 {[%clk 1:27:25]} 7. Ba4 {[%clk 1:30:55]} b5
{[%clk 1:27:40]} 8. Bb3 {[%clk 1:30:02]} c4 {[%clk 1:27:39]} 9. Bc2
{[%clk 1:30:25]} Bb7 {[%clk 1:25:44]} 10. b3 {[%clk 1:27:25]} Nb6
{[%clk 1:25:39]} 11. Qe2 {[%clk 1:24:34]} e5 {[%clk 1:21:56]} 12. dxe5
{[%clk 1:19:07]} dxe5 {[%clk 1:22:13]} 13. Rd1 {[%clk 1:19:24]} Qc7
{[%clk 1:22:36]} 14. Ba3 {[%clk 1:18:07]} Bf8 {[%clk 1:22:45]} 15. Bb2
{[%clk 1:14:48]} Nf6 {[%clk 1:22:28]} 16. Nbd2 {[%clk 1:13:59]} Bd6
{[%clk 1:21:07]} 17. bxc4 {[%clk 1:05:11]} bxc4 {[%clk 1:20:10]} 18. Rab1
{[%clk 1:03:48]} O-O {[%clk 1:18:36]} 19. Bc1 {[%clk 1:00:10]} Bc5
{[%clk 1:11:57]} 20. Nh4 {[%clk 0:49:33]} Rad8 {[%clk 1:08:35]} 21. Qf3
{[%clk 0:48:21]} Qc6 {[%clk 1:05:40]} 22. Re1 {[%clk 0:47:23]} Bc8
{[%clk 1:00:57]} 23. h3 {[%clk 0:44:09]} Nh5 {[%clk 0:58:39]} 24. Nf1
{[%clk 0:40:40]} Rd6 {[%clk 0:58:03]} 25. Bg5 {[%clk 0:38:49]} f6
{[%clk 0:57:38]} 26. Bh6 {[%clk 0:36:28]} Rfd8 {[%clk 0:56:09]} 27. g4
{[%clk 0:32:46]} Ng7 {[%clk 0:53:43]} 28. Qg3 {[%clk 0:29:57]} g5
{[%clk 0:52:04]} 29. Nf5 {[%clk 0:25:54]} Nxf5 {[%clk 0:46:05]} 30. gxf5
{[%clk 0:26:17]} Kf7 {[%clk 0:44:18]} 31. Qg4 {[%clk 0:18:52]} Rg8
{[%clk 0:43:12]} 32. Red1 {[%clk 0:17:56]} Rxd1 {[%clk 0:38:45]} 33. Rxd1
{[%clk 0:18:17]} Na4 {[%clk 0:37:37]} 34. Qe2 {[%clk 0:15:50]} Ke7
{[%clk 0:36:54]} 35. Qd2 {[%clk 0:14:48]} Nb6 {[%clk 0:29:39]} 36. Nh2
{[%clk 0:14:03]} Qe8 {[%clk 0:28:14]} 37. Qe2 {[%clk 0:13:09]} Bb7
{[%clk 0:25:42]} 38. Kf1 {[%clk 0:11:23]} Bc6 {[%clk 0:25:39]} 39. Rb1
{[%clk 0:09:47]} Qf7 {[%clk 0:25:37]} 40. Ke1 {[%clk 0:09:15]} Rd8
{[%clk 0:25:33]} 41. Nf1 {[%clk 0:08:31]} Rd7 {[%clk 0:23:41]} 42. Ng3
{[%clk 0:08:33]} Na4 {[%clk 0:22:05]} 43. Qf3 {[%clk 0:05:48]} Bb5
{[%clk 0:22:25]} 44. Nh5 {[%clk 0:05:46]} Kd8 {[%clk 0:16:47]} 45. Ng7
{[%clk 0:05:42]} Kc8 {[%clk 0:16:45]} 46. Ne6 {[%clk 0:05:55]} Be7
{[%clk 0:16:03]} 47. Qe3 {[%clk 0:05:53]} Rb7 {[%clk 0:10:29]} 48. Rd1
{[%clk 0:05:08]} Bd7 {[%clk 0:07:59]} 49. Rxd7 {[%clk 0:04:42]} Rxd7
{[%clk 0:06:11]} 50. Bxa4 {[%clk 0:05:03]} Rb7 {[%clk 0:06:05]} 51. Bc6
{[%clk 0:04:55]} Rb1+ {[%clk 0:05:24]} 52. Kd2 {[%clk 0:05:18]} Qh5
{[%clk 0:04:14]} 53. Ba4 {[%clk 0:03:44]} Rb2+ {[%clk 0:03:33]} 54. Bc2
{[%clk 0:03:15]} Qxh6 {[%clk 0:03:21]} 55. Qa7 {[%clk 0:02:03]} g4+
{[%clk 0:03:14]} 56. Kd1 {[%clk 0:02:20]} Rb7 {[%clk 0:03:38]} 57. Qa8+
{[%clk 0:02:38]} Kd7 {[%clk 0:03:00]} 58. Qxb7+ {[%clk 0:02:33]} Ke8
{[%clk 0:03:20]} 59. Qc8+ {[%clk 0:02:09]} Kf7 {[%clk 0:03:47]} 60. Ba4
{[%clk 0:01:50]} Bf8 {[%clk 0:03:25]} 61. Nxf8 {[%clk 0:01:56]} gxh3
{[%clk 0:02:45]} 62. Qe8+ {[%clk 0:02:03]} Kg7 {[%clk 0:02:37]} 63. Ne6#
{[%clk 0:02:27]} 1-0